004870000a2200157000450024500680000065000150006865000170008365000240010065000240012465000280014865100380017665300120021404100130022610000210023977300690026010aSpecies diversity of Araceae in Colombia: a preliminary survery14aBotánica14aVegetación14aRiqueza de especies14aTaxonomía vegetal14aDiversidad geográfica 4mBahía SolanodChocópColombia fAraceae0 aInglés1 aCroat, Thomas B.1 tAnnals of the Missouri Botanical Garden3157h1q17-28d1992g79